Jak říct ne sociálním sítím : snadné tipy, jak se nenechat ovládnout sociálními médii /

Hlavní autor: Ramsden, Chloe
Další autoři: Florian, Petr
Jazyk: Čeština
Vydáno: V Brně : Lingea, 2021
Vydání: 1. vydání
Témata:
Fyzický popis: 127 stran : ilustrace ; 15 cm
Knihy
Uloženo v:
LEADER 01969nam a2200541 i 4500
001 nkc20213309213
003 CZ PrNK
005 20210512100609.0
007 ta
008 210310s2021 xr a e f 000 0 cze
015 |a cnb003309213 
020 |a 978-80-7508-673-0  |q (brožováno) 
035 |a (OCoLC)1245647398 
040 |a ABA001  |b cze  |e rda 
041 1 |a cze  |h eng 
072 7 |a 316.4  |x Sociální procesy  |2 Konspekt  |9 18 
080 |a 316.472.4  |2 MRF 
080 |a 304  |2 MRF 
080 |a 159.9  |2 MRF 
080 |a 159.913  |2 MRF 
080 |a (035)  |2 MRF 
100 1 |a Ramsden, Chloe  |4 aut 
240 1 0 |a Say no to social media.  |l Česky 
245 1 0 |a Jak říct ne sociálním sítím :  |b snadné tipy, jak se nenechat ovládnout sociálními médii /  |c Chloe Ramsden ; překlad: Petr Florian 
250 |a 1. vydání 
264 1 |a V Brně :  |b Lingea,  |c 2021 
300 |a 127 stran :  |b ilustrace ;  |c 15 cm 
336 |a text  |b txt  |2 rdacontent 
337 |a bez média  |b n  |2 rdamedia 
338 |a svazek  |b nc  |2 rdacarrier 
500 |a Přeloženo z angličtiny 
650 0 7 |a sociální sítě  |7 ph125817  |2 czenas 
650 0 7 |a sociální sítě  |7 ph125817  |x sociální aspekty  |2 czenas 
650 0 7 |a sociální sítě  |7 ph125817  |x psychologické aspekty  |2 czenas 
650 0 7 |a psychohygiena  |7 ph115945  |2 czenas 
650 0 9 |a social networks  |2 eczenas 
650 0 9 |a social networks  |x social aspects  |2 eczenas 
650 0 9 |a social networks  |x psychological aspects  |2 eczenas 
650 0 9 |a mental hygiene  |2 eczenas 
655 7 |a příručky  |7 fd133209  |2 czenas 
655 9 |a handbooks and manuals  |2 eczenas 
700 1 |a Florian, Petr  |7 xx0257134  |4 trl 
910 2 |a BOA001  |b S-1463.235 
990 |a BK 
995 |a 01 
991 |b 202105  |c NOV 
996 6 |b 2610859732  |c S-1463.235  |l MZK  |r Sklad / do 24 hodin  |n 2  |p p.v.  |w 001846675  |u 000010  |a 1  |e BOA001  |j MZK50  |s P 
996 7 |b 2610859733  |c S-1463.235  |l MZK  |r Sklad / do 24 hodin  |n 4  |p p.v.  |w 001846675  |u 000020  |a 1  |e BOA001  |j MZK50  |s A